F1 World Champions By Year - Statistics

General Stats
  • This quiz has been taken 22 times
  • The average score is 60 of 76
Answer Stats
Hint Answer % Correct
2025 Lando Norris
100%
2020 Lewis Hamilton
100%
2019 Lewis Hamilton
100%
2018 Lewis Hamilton
100%
2017 Lewis Hamilton
100%
2015 Lewis Hamilton
100%
2014 Lewis Hamilton
100%
2008 Lewis Hamilton
100%
2024 Max Verstappen
100%
2023 Max Verstappen
100%
2022 Max Verstappen
100%
2021 Max Verstappen
100%
1988 Aryton Senna
94%
1991 Ayrton Senna
94%
1990 Ayrton Senna
94%
2006 Fernando Alonso
94%
2005 Fernando Alonso
94%
2007 Kimi Raikkonen
94%
2004 Michael Schumacher
94%
2003 Michael Schumacher
94%
2002 Michael Schumacher
94%
2001 Michael Schumacher
94%
2000 Michael Schumacher
94%
1995 Michael Schumacher
94%
1994 Michael Schumacher
94%
1997 Jaques Villeneuve
89%
1982 Keke Rosberg
89%
2016 Nico Rosberg
89%
2009 Jenson Button
83%
1984 Niki Lauda
83%
1977 Niki Lauda
83%
1975 Niki Lauda
83%
2013 Sebastian Vettel
83%
2012 Sebastian Vettel
83%
2011 Sebastian Vettel
83%
2010 Sebastian Vettel
83%
1996 Damon Hill
78%
1968 Graham Hill
78%
1962 Graham Hill
78%
1961 Phil Hill
78%
1993 Alain Prost
72%
1989 Alain Prost
72%
1986 Alain Prost
72%
1985 Alain Prost
72%
1976 James Hunt
72%
1978 Mario Andretti
72%
1999 Mika Hakkinen
72%
1998 Mika Hakkinen
72%
1987 Nelson Piquet
72%
1983 Nelson Piquet
72%
1981 Nelson Piquet
72%
1980 Alan Jones
67%
1973 Jackie Stewart
67%
1971 Jackie Stewart
67%
1969 Jackie Stewart
67%
1970 Jochen Rindt
67%
1992 Nigel Mansell
67%
1974 Emerson Fittipaldi
61%
1972 Emerson Fittipaldi
61%
1966 Jack Brabham
61%
1960 Jack Brabham
61%
1959 Jack Brabham
61%
1965 Jim Clark
61%
1963 Jim Clark
61%
1979 Jody Scheckter
61%
1957 Juan Manuel Fangio
61%
1956 Juan Manuel Fangio
61%
1955 Juan Manuel Fangio
61%
1954 Juan Manuel Fangio
61%
1951 Juan Manuel Fangio
61%
1953 Alberto Ascari
56%
1952 Alberto Ascari
56%
1967 Denny Hulme
56%
1964 John Surtees
56%
1958 Mike Hawthorn
56%
1950 Giuseppe Farina
50%
No matching quizzes found
Score Distribution
Percent of People with Each Score
Percentile by Number Answered
Your Score History
You have not taken this quiz